书目信息 |
| 题名: |
细胞培养技术
|
|
| 作者: | 兰蓉 主编 | |
| 分册: | ||
| 出版信息: | 北京 化学工业出版社 2017.02 |
|
| 页数: | 183页 | |
| 开本: | 26cm | |
| 丛书名: | ||
| 单 册: | ||
| 中图分类: | Q813.1 | |
| 科图分类: | ||
| 主题词: | 细胞培养--职业教育--教材 | |
| 电子资源: | ||
| ISBN: | 978-7-122-28554-6 | |
| 000 | 00964nam0 2200241 450 | |
| 001 | 4461 | |
| 005 | 20181015085659.09 | |
| 010 | @a978-7-122-28554-6@dCNY45.00 | |
| 100 | @a20170427d2017 em y0chiy50 ea | |
| 101 | 0 | @achi |
| 102 | @aCN@b110000 | |
| 105 | @aa z 000yy | |
| 200 | 1 | @a细胞培养技术@9xi bao pei yang ji shu@f兰蓉主编 |
| 205 | @a2版 | |
| 210 | @a北京@c化学工业出版社@d2017.02 | |
| 215 | @a183页@c图@d26cm@e1手册(129页) | |
| 300 | @a“十二五”职业教育国家规划教材 | |
| 330 | @a本教材中的五个项目均取材于企业(或行业)的真实工作任务,包括VERO细胞的传代培养、鸡胚成纤维细胞的原代培养、CHO细胞的大规模培养、抗人血白蛋白杂交瘤细胞的制备、胡萝卜细胞的悬浮培养,设计了12个工作任务。每个项目都附有与之配套的实训音像资料(时长约1个小时)和学生工作手册,为教材使用者的自主学习提供了方便。 | |
| 606 | 0 | @a细胞培养@x职业教育@j教材 |
| 690 | @aQ813.1@v5 | |
| 701 | 0 | @a兰蓉@9lan rong@4主编 |
| 801 | 0 | @aCN@b91MARC@c20170427 |
| 905 | @aMuseLib@dQ813.1@e232=2 | |
| 细胞培养技术/兰蓉主编.-2版.-北京:化学工业出版社,2017.02 |
| 183页:图;26cm+1手册(129页) |
| “十二五”职业教育国家规划教材 |
| ISBN 978-7-122-28554-6:CNY45.00 |
| 本教材中的五个项目均取材于企业(或行业)的真实工作任务,包括VERO细胞的传代培养、鸡胚成纤维细胞的原代培养、CHO细胞的大规模培养、抗人血白蛋白杂交瘤细胞的制备、胡萝卜细胞的悬浮培养,设计了12个工作任务。每个项目都附有与之配套的实训音像资料(时长约1个小时)和学生工作手册,为教材使用者的自主学习提供了方便。 |
| ● |
| 相关链接 |
|
|
|
|
正题名:细胞培养技术
索取号:Q813.1/232=2
 
预约/预借
| 序号 | 登录号 | 条形码 | 馆藏地/架位号 | 状态 | 备注 |
| 1 | 1125221 | 211252213 | 第二样本阅览室/ [索取号:Q813.1/232=2] | 在馆 | |
| 2 | 1125222 | 211252222 | 密集书库-生命科学系/ [索取号:Q813.1/232=2] | 在馆 | |
| 3 | 1125223 | 211252231 | 第三借阅区/ [索取号:Q813.1/232=2] | 在馆 | |
| 4 | 1125224 | 211252240 | 第三借阅区/ [索取号:Q813.1/232=2] | 在馆 | |
| 5 | 1125225 | 211252259 | 第三借阅区/ [索取号:Q813.1/232=2] | 在馆 |